000 00875nam a2200313Ia 4500
001 Z_6373
003 CHAP
008 220113s9999 xx 000 0 und d
010 _a169630
020 _a978-1-405-15627-1
040 _cCHAP
082 _a636.089 T47
100 _aThrusfield, Michael
_9144593
245 _aVeterinary epidemiology /
_cMichael Thrusfield
250 _a3a ed.
260 _aEstados Unidos de América :
_bBlackwell Publishing,
_c
300 _a610 p.
503 _aej.1: 0098 \ ej.2. consumo \ ej.3. consumo \ ej.4: consumo \ ej.5: consumo \ ej.6: consumo
504 _aBibliografía: p. 502 - 592
650 _aEpidemiología Veterinaria
_9130976
650 _aSalud animal
_9101809
650 _aVeterinaria
_9118987
901 _a636.089 T47
902 _aM
910 _a
942 _c1
942 _cc1
999 _c169630
_d169630